| 000 | 00784nam a22002177a 4500 | ||
|---|---|---|---|
| 999 |
_c13941 _d13941 |
||
| 003 | AR-CdUCM | ||
| 008 | 190417b ||||| |||| 00| 0 spa d | ||
| 040 |
_aMUNICIPALIDAD PROVINCIAL DEL CUSCO _cBIBLIOTECA MUNICIPAL DEL CUSCO |
||
| 082 |
_a341.8 / _bOS82 _26ed. |
||
| 100 |
_a Ossorio, Angel _910915 |
||
| 245 |
_aEl abogado : _bEl alma de la toga / |
||
| 260 |
_aBuenos Aires : _bEdiciones Jurídicas Europa-América, _c1956. |
||
| 300 |
_a216 páginas ; _c15 cm. |
||
| 440 |
_aBreviarios de Derecho _n3 _932570 |
||
| 505 | _aContenido: v.1: ¿Quien es abogado? -- La fuerza interior -- La sensación de la justicia -- La moral del abogado ... | ||
| 650 |
_aAbogados _910136 |
||
| 650 |
_aMoral _94056 |
||
| 650 |
_aEtica _91337 |
||
| 942 |
_2ddc _cLIBROS |
||
| 945 |
_acmm _d2019-04-17 |
||